00732nam a2200217Ia 4500003000400000005001700004008004100021020002000062040000700082041001200089082001900101100002600120245004600146260004800192300002900240365001300269906004800282942001200330999001900342952015300361OSt20251213154840.0210423s2009 xx 000 0 und d a978817596412560 cAL aEnglish a420.028 bKUMH aSuresh Kumar E981748 aHandbook for english language laboratory aNew DelhibCambridge University Pressc2009 aviii,171P.bPBc24x18cm. b150cINR aenglish ; Handbook ; laboratory. ; language 2ddccBK c156773d156773 00102ddc40708MAENGaSACPGbSACPGd2009-07-09eCambridge University Pressg150.00l0o420.028 KUMHpPG003248r2022-08-24 00:00:00w2021-04-26yBK